000 00420nam a2200169Ia 4500
008 230524s9999 xx 000 0 und d
082 _a5.133
_bMUK
100 _aAnirban Mukhopadhyay
245 0 _aIntroduction to Computer Graphics
250 _a1ST
260 _aNEW DELHI
_bVikas
_c2003
300 _aXV;428
500 _aQuantity Number: 12
650 _aComp-Sc
700 _a Arup Chattopadhyay
942 _cBK
999 _c14688
_d14688